000
00276nam a2200121 a 4500
008
100916s1972|||| d
245
1
0
_a
Návrat do rodiska
100
1
_a
Hardy, Thomas
260
_b
Tatran
_a
Bratislava
_c
1972
020
_c
24
044
_a
xo
_c
SK
041
_a
slo
999
_c
10362
_d
10362